Les pilotes Williams en Formule 1 - Statistiques

Statistiques générales
  • Ce quiz a été pris 1 568 fois
    142 depuis la dernière actualisation
  • Le résultat moyen est 29 sur 59
Statistiques - réponses
Nb de Grands Prix Saisons Nationalité Pilote % Correct
52 2022- Thaïlande Alexander Albon
96%
16 1993 France Alain Prost
90%
3 1994 Brésil Ayrton Senna
88%
20 2012 Brésil Bruno Senna
88%
15 2025 Espagne Carlos Sainz
87%
41 2017-2018 Canada Lance Stroll
87%
78 2014-2017 Brésil Felipe Massa
86%
49 1996-1998 Canada Jacques Villeneuve
86%
61 2020-2022 Canada Nicholas Latifi
86%
95 1985-1988, 1991-1992, 1994 Royaume-Uni Nigel Mansell
83%
77 2013-2016 Finlande Valtteri Bottas
83%
59 2019-2021 Royaume-Uni George Russell
82%
62 1982-1985 Finlande Keke Rosberg
80%
70 2006-2009 Allemagne Nico Rosberg
80%
65 1993-1996 Royaume-Uni Damon Hill
79%
94 1999-2004 Allemagne Ralf Schumacher
79%
68 2001-2004 Colombie Juan Pablo Montoya
77%
21 2019 Pologne Robert Kubica
75%
58 2011-2013 Vénézuela Pastor Maldonado
74%
36 2023-2024 Etats-Unis Logan Sargeant
71%
31 1986-1987 Brésil Nelson Piquet
65%
1 2022 Pays-Bas Nyck de Vries
62%
60 1978-1981 Australie Alan Jones
61%
9 2024 Argentine Franco Colapinto
61%
36 2005-2006 Australie Mark Webber
61%
38 2010-2011 Brésil Rubens Barrichello
60%
19 2010 Allemagne Nico Hülkenberg
57%
21 2018 Russie Sergey Sirotkin
52%
25 1994-1995 Royaume-Uni David Coulthard
51%
39 1975, 1983-1984 France Jacques Laffite
51%
81 1988-1992 Italie Riccardo Patrese
49%
33 1997-1998 Allemagne Heinz-Harald Frentzen
48%
2 1975 Afrique du Sud Ian Scheckter
46%
31 1980-1982 Argentine Carlos Reutemann
44%
4 1976 Belgique Jacky Ickx
44%
17 2000 Royaume-Uni Jenson Button
42%
32 1989-1990 Belgique Thierry Boutsen
41%
15 1979 Suisse Clay Regazzoni
39%
13 2005 Allemagne Nick Heidfeld
39%
1 2020 Royaume-Uni Jack Aitken
38%
16 2007 Autriche Alexander Wurz
34%
36 2007-2009 Japon Kazuki Nakajima
33%
1 2017 Royaume-Uni Paul di Resta
29%
1 1982 Etats-Unis Mario Andretti
21%
16 1999 Italie Alessandro Zanardi
19%
9 2004-2005 Brésil Antônio Pizzonia
15%
3 2003-2004 Espagne Marc Gené
15%
12 1982 Irlande Derek Daly
12%
1 1988 Royaume-Uni Martin Brundle
12%
1 1983 Royaume-Uni Jonathan Palmer
11%
1 1988 France Jean-Louis Schlesser
10%
11 1975-1976 Italie Arturo Merzario
5%
6 1976 France Michel Leclère
2%
2 1975-1976 Italie Renzo Zorzi
2%
1 1975 Royaume-Uni Damien Magee
1%
1 1976 Autriche Hans Binder
1%
1 1975 Suisse Jo Vonlanthen
1%
1 1975 Royaume-Uni Tony Brise
1%
1 1976 Australie Warwick Brown
1%
Aucun quiz correspondant
Distribution des résultats
% des personnes avec chaque résultat
Percentile par nombre de réponses
Votre historique - résultats
Vous n’avez pas pris ce quiz depuis la dernière actualisation